000 01401nam a2200361 i 4500
001 192123
003 SpMaBN
005 20250807002455.0
008 221104s2022 sp a | ||||o000 0 spa
017 _aM 10216-2022
_bOficina Depósito Legal Madrid
020 _a9788492462766
024 7 _aNIPO 821-22-004-X
_2nipo
035 _a(OCoLC)1313653105
040 _aSpMaBN
_bspa
_cSpMaBN
_erda
080 _a093
080 _a655.11(460)"14"
100 1 _aReyes Gómez, Fermín de los
_eaut
_996584
245 1 0 _aIncunable :
_bla imprenta llega a España /
_ctexto, Fermín de los Reyes Gómez
264 1 _aMadrid :
_bBiblioteca Nacional de España,
_c[2022]
300 _a101 páginas :
_bilustraciones (color) ;
_c17 cm
490 1 _aTesoros de la Biblioteca Nacional de España ;
_v04
500 _aÍndice
504 _aBibliografía: páginas [99]-101
650 7 _aIncunables-
_zBiblioteca Nacional de España
_9175733
650 7 _aImprenta-
_zEspaña-
_yS.XV
_9155118
710 2 _aBiblioteca Nacional de España
_eedt
_9234950
830 0 _aTesoros de la Biblioteca Nacional de España
_v04
_9193551
852 4 _aES-MaACL
_bR. 153402
_cDEPOJ
_hDonación: Biblioteca Nacional de España
_jN-8111
_9199405
914 _aBiblioteca Nacional de España
_ednr
_9234950
942 _cMONOGRAFIA
_n0
999 _c192123
_d192123